<?xml version="1.0" encoding="UTF-8"?>
<record
    xmlns:xsi="http://www.w3.org/2001/XMLSchema-instance"
    xsi:schemaLocation="http://www.loc.gov/MARC21/slim http://www.loc.gov/standards/marcxml/schema/MARC21slim.xsd"
    xmlns="http://www.loc.gov/MARC21/slim">

  <leader>00751nam a22001937a 4500</leader>
  <controlfield tag="001">10027</controlfield>
  <controlfield tag="003">FISKH</controlfield>
  <controlfield tag="005">20260401101736.0</controlfield>
  <controlfield tag="008">260331b        cb ||||| |||| 00| 0 eng d</controlfield>
  <datafield tag="020" ind1=" " ind2=" ">
    <subfield code="a">9787565839092</subfield>
  </datafield>
  <datafield tag="040" ind1=" " ind2=" ">
    <subfield code="a">FISKH</subfield>
    <subfield code="b">eng</subfield>
    <subfield code="c">FISKH</subfield>
    <subfield code="d">FISKH</subfield>
  </datafield>
  <datafield tag="082" ind1=" " ind2=" ">
    <subfield code="a">649.1</subfield>
  </datafield>
  <datafield tag="100" ind1=" " ind2=" ">
    <subfield code="a">&#x6768;&#x9896;</subfield>
  </datafield>
  <datafield tag="245" ind1=" " ind2=" ">
    <subfield code="a">&#x597D;&#x597D;&#x8BF4;&#x8BDD;&#xFF0C;&#x628A;&#x8BDD;&#x8BF4;&#x5230;&#x5B69;&#x5B50;&#x5FC3;&#x91CC;&#x53BB; /</subfield>
    <subfield code="c">&#x6768;&#x9896;</subfield>
  </datafield>
  <datafield tag="300" ind1=" " ind2=" ">
    <subfield code="a">246 pages : </subfield>
    <subfield code="b">illustrations ; </subfield>
    <subfield code="c">21 cm . </subfield>
  </datafield>
  <datafield tag="520" ind1=" " ind2=" ">
    <subfield code="a">&#x672C;&#x4E66;&#x56F4;&#x7ED5;&#x4EB2;&#x5B50;&#x6C9F;&#x901A;&#x5C55;&#x5F00;&#xFF0C;&#x901A;&#x8FC7;&#x5E38;&#x89C1;&#x7684;&#x5BB6;&#x5EAD;&#x60C5;&#x5883;&#xFF0C;&#x6307;&#x5BFC;&#x7236;&#x6BCD;&#x5982;&#x4F55;&#x6B63;&#x786E;&#x5730;&#x503E;&#x542C;&#x3001;&#x8868;&#x8FBE;&#x548C;&#x5F15;&#x5BFC;&#x5B69;&#x5B50;&#x60C5;&#x7EEA;&#x3002;&#x4E66;&#x4E2D;&#x63D0;&#x4F9B;&#x4E86;&#x5B9E;&#x7528;&#x7684;&#x65B9;&#x6CD5;&#xFF0C;&#x5E2E;&#x52A9;&#x5EFA;&#x7ACB;&#x826F;&#x597D;&#x7684;&#x4EB2;&#x5B50;&#x5173;&#x7CFB;&#xFF0C;&#x8BA9;&#x5B69;&#x5B50;&#x66F4;&#x52A0;&#x4E3B;&#x52A8;&#x3001;&#x81EA;&#x4FE1;&#xFF0C;&#x5E76;&#x613F;&#x610F;&#x4E0E;&#x7236;&#x6BCD;&#x6C9F;&#x901A;&#x4E0E;&#x5408;&#x4F5C;&#x3002;</subfield>
  </datafield>
  <datafield tag="942" ind1=" " ind2=" ">
    <subfield code="2">ddc</subfield>
    <subfield code="c">BOOK</subfield>
    <subfield code="n">0</subfield>
  </datafield>
  <datafield tag="999" ind1=" " ind2=" ">
    <subfield code="c">10027</subfield>
    <subfield code="d">10027</subfield>
  </datafield>
  <datafield tag="952" ind1=" " ind2=" ">
    <subfield code="0">0</subfield>
    <subfield code="1">0</subfield>
    <subfield code="2">ddc</subfield>
    <subfield code="4">0</subfield>
    <subfield code="7">0</subfield>
    <subfield code="8">REF</subfield>
    <subfield code="a">002</subfield>
    <subfield code="b">002</subfield>
    <subfield code="c">LSHTTP</subfield>
    <subfield code="d">2026-03-31</subfield>
    <subfield code="l">0</subfield>
    <subfield code="o">&#x6768;&#x9896;  649.1</subfield>
    <subfield code="p">2026-0409</subfield>
    <subfield code="r">2026-03-31 08:22:56</subfield>
    <subfield code="w">2026-03-31</subfield>
    <subfield code="y">BK</subfield>
  </datafield>
</record>
